[Event "EU-Cup 39th"]
[Site "Vrnjacka Banja"]
[Date "2024.10.25"]
[Round "6.3"]
[White "Jonkman, Harmen"]
[Black "Grand, Hans Henrik"]
[Result "1-0"]
[WhiteElo "2314"]
[BlackElo "2134"]
[PlyCount "69"]
[EventDate "2024.10.20"]
[EventType "team-swiss"]
[EventRounds "7"]
[EventCountry "SRB"]
[SourceTitle "CB44_2024"]
[Source "Chessbase"]
[SourceDate "2024.10.30"]
[SourceVersion "1"]
[SourceVersionDate "2024.10.30"]
[SourceQuality "1"]
[WhiteTeam "Erkenschwick"]
[BlackTeam "Aarhus Skolerne"]
[WhiteTeamCountry "GER"]
[BlackTeamCountry "DEN"]

1. e4 c6 2. d4 d5 3. exd5 cxd5 4. Bd3 Nf6 5. h3 g6 6. Nf3 Bg7 7. 0-0 0-0 8. Re1 Nc6 9. c3 a6 10. a4 b6 11. Bf4 Bb7 12. Nbd2 e6 13. Qe2 Re8 14. Ne5 Nxe5 15. Bxe5 Nd7 16. Bxg7 Kxg7 17. f4 Qc7 18. Qg4 f5 19. Qg5 Nf6 20. Re5 Nd7 21. Re3 Nf6 22. Re5 Nd7 23. Re3 Nf6 24. Nf3 Ne4 25. Qh4 Qe7 26. Qe1 Bc6 27. Ne5 Bb7 28. h4 Rf8 29. Ra3 Qc7 30. h5 Bc6 31. Rh3 Nf6 32. Qg3 Be8 33. hxg6 Bxg6 34. Qg5 Rg8 35. Qh6+ 1-0

[Event "EU-Cup 39th"]
[Site "Vrnjacka Banja"]
[Date "2024.10.20"]
[Round "1.3"]
[White "Tabatabaei, Mohammad Amin"]
[Black "Jonkman, Harmen"]
[Result "1-0"]
[WhiteElo "2702"]
[BlackElo "2314"]
[PlyCount "49"]
[EventDate "2024.10.20"]
[EventType "team-swiss"]
[EventRounds "7"]
[EventCountry "SRB"]
[SourceTitle "CB44_2024"]
[Source "Chessbase"]
[SourceDate "2024.10.30"]
[SourceVersion "1"]
[SourceVersionDate "2024.10.30"]
[SourceQuality "1"]
[WhiteTeam "Turkish Airlines"]
[BlackTeam "Erkenschwick"]
[WhiteTeamCountry "TUR"]
[BlackTeamCountry "GER"]

1. c4 e6 2. Nc3 d5 3. d4 Nf6 4. cxd5 exd5 5. Bg5 c6 6. e3 Be7 7. Bd3 Nbd7 8. Qc2 h6 9. Bh4 Nh5 10. Bxe7 Qxe7 11. 0-0-0 Nb6 12. h3 Bd7 13. Kb1 0-0-0 14. Nf3 Kb8 15. Ne5 g6 16. Qb3 Bf5 17. Na4 Bxd3+ 18. Rxd3 Qc7 19. Rc1 Nf6 20. Nc5 Ka8 21. a4 Ne4 22. Nxe4 dxe4 23. Rdc3 Nd5 24. Rc5 g5 25. Rxd5 1-0

[Event "Titled Tuesday intern op 10th Sep Early"]
[Site "Chess,com INT"]
[Date "2024.09.10"]
[Round "3"]
[White "Jonkman, Harmen"]
[Black "Mohamed, Anees M"]
[Result "0-1"]
[WhiteElo "2314"]
[BlackElo "2347"]
[PlyCount "74"]
[EventDate "2024.09.10"]
[EventType "swiss (blitz)"]
[EventRounds "11"]
[EventCountry "USA"]
[SourceTitle "EXT 2025"]
[Source "ChessBase"]
[SourceDate "2024.10.14"]
[SourceVersion "1"]
[SourceVersionDate "2024.10.14"]
[SourceQuality "1"]

1. e4 c5 2. c3 e5 3. Nf3 Nc6 4. Bc4 Nf6 5. Ng5 d5 6. exd5 Nxd5 7. Nxf7 Kxf7 8. Qf3+ Ke6 9. d4 cxd4 10. 0-0 b5 11. Bxb5 Bb7 12. Bxc6 Bxc6 13. cxd4 Bd6 14. Nc3 Nxc3 15. Qxc6 Ne2+ 16. Kh1 Nxd4 17. Qe4 Qf6 18. Be3 Qg6 19. Qh4 Nf5 20. Qc4+ Ke7 21. Bc5 Rac8 22. b4 Bxc5 23. bxc5 Qe6 24. Qa4 Rhd8 25. Qxa7+ Rd7 26. Qa3 Rc6 27. Rae1 Kf7 28. Re4 Rd4 29. Re2 Qd5 30. Qh3 Kg6 31. Rfe1 Rd1 32. Qg4+ Kf6 33. h4 Rxe1+ 34. Rxe1 Rxc5 35. Qg5+ Ke6 36. h5 Qd4 37. Kg1 Rc2 0-1

[Event "Titled Tuesday intern op 10th Sep Early"]
[Site "Chess,com INT"]
[Date "2024.09.10"]
[Round "2"]
[White "Rogov, Matfey"]
[Black "Jonkman, Harmen"]
[Result "1-0"]
[WhiteElo "2188"]
[BlackElo "2314"]
[PlyCount "37"]
[EventDate "2024.09.10"]
[EventType "swiss (blitz)"]
[EventRounds "11"]
[EventCountry "USA"]
[SourceTitle "EXT 2025"]
[Source "ChessBase"]
[SourceDate "2024.10.14"]
[SourceVersion "1"]
[SourceVersionDate "2024.10.14"]
[SourceQuality "1"]

1. d4 d5 2. Bg5 c5 3. dxc5 f6 4. Bh4 e5 5. e4 Be6 6. exd5 Qxd5 7. Qxd5 Bxd5 8. Nc3 Be6 9. Nb5 Kd7 10. 0-0-0+ Kc6 11. Nd6 Na6 12. f4 Nxc5 13. fxe5 fxe5 14. Nc4 Bxc4 15. Bxc4 Nf6 16. Nf3 Bd6 17. Rhe1 Rae8 18. Bg3 Nfe4 19. Bd5+ 1-0

[Event "Titled Tuesday intern op 27th Aug Late"]
[Site "Chess.com INT"]
[Date "2024.08.27"]
[Round "9"]
[White "Solomon, Kenny"]
[Black "Jonkman, Harmen"]
[Result "1-0"]
[WhiteElo "2257"]
[BlackElo "2314"]
[PlyCount "95"]
[EventDate "2024.08.27"]
[EventType "swiss (blitz)"]
[EventRounds "11"]
[EventCountry "USA"]
[SourceTitle "EXT 2025"]
[Source "ChessBase"]
[SourceDate "2024.10.14"]
[SourceVersion "1"]
[SourceVersionDate "2024.10.14"]
[SourceQuality "1"]

1. d4 d5 2. Nf3 Nf6 3. c4 dxc4 4. e3 a6 5. Bxc4 b5 6. Be2 Bb7 7. a4 b4 8. Nbd2 e6 9. 0-0 Be7 10. Ne5 0-0 11. Bf3 Bxf3 12. Qxf3 Qd5 13. Ndc4 Qxf3 14. gxf3 c5 15. dxc5 Bxc5 16. Bd2 Nbd7 17. Rfc1 a5 18. Kf1 Rfc8 19. Ke2 Kf8 20. e4 Nxe5 21. Nxe5 Bd4 22. Nd3 Nd7 23. Be3 Bxe3 24. Kxe3 e5 25. f4 f6 26. fxe5 Nxe5 27. Nc5 Ke7 28. h3 Rc6 29. f4 Nf7 30. Nb3 Kd6 31. Rxc6+ Kxc6 32. Rc1+ Kb6 33. Rd1 Ra7 34. Rd5 g6 35. Rb5+ Kc6 36. Nxa5+ Kd6 37. Nc4+ Ke6 38. b3 Nd8 39. Rb8 Nc6 40. Rb6 Kd7 41. e5 fxe5 42. Nxe5+ Nxe5 43. fxe5 Ke7 44. Rxb4 Ke6 45. Ke4 Rc7 46. Rb6+ Ke7 47. a5 Rc3 48. a6 1-0

[Event "Titled Tuesday intern op 16th Jul Late"]
[Site "Chess.com INT"]
[Date "2024.07.16"]
[Round "7"]
[White "Jonkman, Harmen"]
[Black "Vlachos, Anatole"]
[Result "0-1"]
[WhiteElo "2314"]
[BlackElo "2472"]
[PlyCount "100"]
[EventDate "2024.07.16"]
[EventType "swiss (blitz)"]
[EventRounds "11"]
[EventCountry "USA"]
[SourceTitle "EXT 2025"]
[Source "ChessBase"]
[SourceDate "2024.10.14"]
[SourceVersion "1"]
[SourceVersionDate "2024.10.14"]
[SourceQuality "1"]

1. e4 d6 2. d4 Nf6 3. Bd3 e5 4. Nf3 exd4 5. Nxd4 Be7 6. 0-0 0-0 7. Nc3 Nc6 8. Nxc6 bxc6 9. Bf4 Nd7 10. Re1 Bf6 11. Rb1 Rb8 12. Na4 Nb6 13. c3 c5 14. Nxb6 axb6 15. e5 dxe5 16. Bxe5 Bxe5 17. Rxe5 Be6 18. Qc2 h6 19. a3 Qf6 20. Rbe1 Rbd8 21. Bf5 Bxf5 22. Rxf5 Qg6 23. Qe4 Rfe8 24. Qxe8+ Rxe8 25. Rxe8+ Kh7 26. Rfe5 Qb1+ 27. Re1 Qxb2 28. g3 Qxc3 29. R1e7 Kg6 30. Rxc7 Qxa3 31. Rc6+ Kh7 32. Rxb6 c4 33. Rc6 Qd3 34. Rec8 Qd1+ 35. Kg2 Qd5+ 36. Kg1 h5 37. h4 Qd1+ 38. Kg2 Qd5+ 39. Kh2 Qf3 40. Kg1 g5 41. Rxc4 Qd1+ 42. Kg2 Qd5+ 43. Kg1 Qd1+ 44. Kh2 Qf3 45. Kg1 g4 46. Rf4 Qd1+ 47. Kh2 Qd5 48. Rc7 Kg6 49. Rcxf7 Qxf7 50. Rf6+ Qxf6 0-1

[Event "Titled Tuesday intern op 16th Jul Late"]
[Site "Chess.com INT"]
[Date "2024.07.16"]
[Round "6"]
[White "Yang, Kaiqi"]
[Black "Jonkman, Harmen"]
[Result "0-1"]
[WhiteElo "2481"]
[BlackElo "2314"]
[PlyCount "50"]
[EventDate "2024.07.16"]
[EventType "swiss (blitz)"]
[EventRounds "11"]
[EventCountry "USA"]
[SourceTitle "EXT 2025"]
[Source "ChessBase"]
[SourceDate "2024.10.14"]
[SourceVersion "1"]
[SourceVersionDate "2024.10.14"]
[SourceQuality "1"]

1. d4 d5 2. Nf3 Nf6 3. c4 dxc4 4. g3 b5 5. Bg2 Bb7 6. a4 a6 7. 0-0 e6 8. b3 cxb3 9. Qxb3 b4 10. Nbd2 Nc6 11. Nc4 Nxd4 12. Nxd4 Bxg2 13. Nxe6 fxe6 14. Kxg2 Qd5+ 15. f3 Bc5 16. Rd1 Qh5 17. Be3 0-0 18. Bxc5 Qxc5 19. Rac1 Nd5 20. e4 Nc3 21. Rd7 Rad8 22. Rxd8 Rxd8 23. Rc2 Rd1 24. Nb2 Rg1+ 25. Kh3 Qh5# 0-1

[Event "Titled Tuesday intern op 18th Jun Early"]
[Site "Chess.com INT"]
[Date "2024.06.18"]
[Round "3"]
[White "Jonkman, Harmen"]
[Black "Buyankhishig, Batpelden"]
[Result "1-0"]
[WhiteElo "2314"]
[BlackElo "1839"]
[PlyCount "107"]
[EventDate "2024.06.18"]
[EventType "swiss (blitz)"]
[EventRounds "11"]
[EventCountry "USA"]
[SourceTitle "EXT 2025"]
[Source "ChessBase"]
[SourceDate "2024.10.14"]
[SourceVersion "1"]
[SourceVersionDate "2024.10.14"]
[SourceQuality "1"]

1. d4 d5 2. Nf3 Nf6 3. Bf4 Bf5 4. c4 c6 5. Qb3 Qc8 6. e3 e6 7. h3 Nbd7 8. Nc3 Be7 9. Rc1 dxc4 10. Bxc4 Nb6 11. Be2 0-0 12. 0-0 Qd7 13. Bh2 Bd6 14. Ne5 Qe7 15. Rfd1 Ne4 16. Bf3 Nxc3 17. bxc3 f6 18. Nd3 Bxh2+ 19. Kxh2 Kh8 20. Nc5 e5 21. a4 e4 22. Be2 Rab8 23. a5 Nd5 24. c4 Nc7 25. Rb1 b6 26. axb6 axb6 27. Na4 Na8 28. Qb4 Qxb4 29. Rxb4 Rf7 30. Rdb1 Rfb7 31. d5 Bd7 32. Nc5 Ra7 33. Nxe4 cxd5 34. cxd5 Bf5 35. R1b2 Bxe4 36. Rxe4 Rd7 37. Rd4 f5 38. g4 g6 39. Bb5 Rd6 40. gxf5 gxf5 41. f3 Nc7 42. e4 fxe4 43. fxe4 Kg7 44. Bc6 b5 45. e5 Rdd8 46. Rg2+ Kh8 47. d6 Ne6 48. Rb4 Nc5 49. Rxb5 Rxb5 50. Bxb5 Ne4 51. d7 Nc5 52. Rc2 Ne6 53. Rc6 Nd4 54. e6 1-0

[Event "Titled Tuesday intern op 18th Jun Late"]
[Site "Chess.com INT"]
[Date "2024.06.18"]
[Round "3"]
[White "Jonkman, Harmen"]
[Black "Guzman Lozano, Campo Elias"]
[Result "1-0"]
[WhiteElo "2314"]
[BlackElo "1868"]
[PlyCount "73"]
[EventDate "2024.06.18"]
[EventType "swiss (blitz)"]
[EventRounds "11"]
[EventCountry "USA"]
[SourceTitle "EXT 2025"]
[Source "ChessBase"]
[SourceDate "2024.10.14"]
[SourceVersion "1"]
[SourceVersionDate "2024.10.14"]
[SourceQuality "1"]

1. e4 c5 2. c3 Nf6 3. e5 Nd5 4. Bc4 e6 5. Nf3 Nb6 6. Bb3 d5 7. d4 cxd4 8. cxd4 Nc6 9. Nc3 Be7 10. 0-0 Bd7 11. Bf4 g5 12. Be3 g4 13. Ne1 h5 14. f4 Na5 15. Bc2 Nac4 16. Bc1 Rc8 17. f5 Bg5 18. fxe6 Bxe6 19. Nd3 Ne3 20. Bxe3 Bxe3+ 21. Kh1 Bxd4 22. Nf4 Rxc3 23. Nxe6 fxe6 24. Bg6+ Kd7 25. bxc3 Bxe5 26. Rf7+ Kc8 27. Qe2 Qg5 28. Re1 Nc4 29. Bd3 Nd6 30. Rff1 Bxc3 31. Qxe6+ Kc7 32. Rc1 d4 33. Qb3 Rf8 34. Rxc3+ dxc3 35. Qxc3+ Kd7 36. Rxf8 Qe7 37. Rf1 1-0

[Event "Titled Tuesday intern op 11th Jun Late"]
[Site "Chess.com INT"]
[Date "2024.06.11"]
[Round "7"]
[White "Jagirapu, Harshin Reddy"]
[Black "Jonkman, Harmen"]
[Result "1-0"]
[WhiteElo "2029"]
[BlackElo "2314"]
[PlyCount "91"]
[EventDate "2024.06.11"]
[EventType "swiss (blitz)"]
[EventRounds "11"]
[EventCountry "USA"]
[SourceTitle "EXT 2025"]
[Source "ChessBase"]
[SourceDate "2024.10.14"]
[SourceVersion "1"]
[SourceVersionDate "2024.10.14"]
[SourceQuality "1"]

1. e4 e5 2. Nf3 Nc6 3. Bb5 Nf6 4. 0-0 Nxe4 5. Re1 Nd6 6. Nxe5 Be7 7. Bf1 Nxe5 8. Rxe5 0-0 9. d4 Ne8 10. d5 d6 11. Re1 Bf5 12. c4 Bf6 13. Nc3 Qd7 14. Be3 g6 15. Bd4 Bg7 16. Rc1 c5 17. dxc6 bxc6 18. Bxg7 Nxg7 19. g3 Rab8 20. b3 Rfd8 21. Bg2 Ne6 22. g4 Nf4 23. gxf5 Qxf5 24. Qf3 Nd3 25. Qxf5 gxf5 26. Bxc6 Rbc8 27. Bd5 Rc7 28. Rcd1 Nxe1 29. Rxe1 a6 30. Kg2 Kf8 31. Kf3 Re7 32. Rxe7 Kxe7 33. Kf4 Kf6 34. b4 Rg8 35. Bf3 Rg1 36. Nd5+ Kg6 37. Ne7+ Kf6 38. Nxf5 Rb1 39. Ne3 Rb2 40. a4 Rxf2 41. b5 Ra2 42. b6 Kg7 43. Nd5 Rb2 44. a5 Rc2 45. b7 Rb2 46. Nb6 1-0

[Event "Titled Tuesday intern op 28th May Late"]
[Site "Chess.com INT"]
[Date "2024.05.28"]
[Round "9"]
[White "Goncalves, Samuel Jesus P"]
[Black "Jonkman, Harmen"]
[Result "1-0"]
[WhiteElo "2206"]
[BlackElo "2314"]
[PlyCount "77"]
[EventDate "2024.05.28"]
[EventType "swiss (blitz)"]
[EventRounds "11"]
[EventCountry "USA"]
[SourceTitle "EXT 2025"]
[Source "ChessBase"]
[SourceDate "2024.10.14"]
[SourceVersion "1"]
[SourceVersionDate "2024.10.14"]
[SourceQuality "1"]

1. e4 e5 2. Nc3 Nf6 3. Bc4 Nc6 4. d3 Na5 5. f4 Nxc4 6. dxc4 Bb4 7. Qf3 Bxc3+ 8. Qxc3 0-0 9. fxe5 Nxe4 10. Qf3 d5 11. Ne2 c6 12. 0-0 Qb6+ 13. Kh1 Be6 14. Nf4 Rae8 15. cxd5 Bxd5 16. b3 Rxe5 17. Bb2 Rg5 18. Rad1 Ng3+ 19. Qxg3 Rxg3 20. Nxd5 cxd5 21. hxg3 Qc6 22. Rf2 Re8 23. Rfd2 h6 24. Bd4 Re4 25. c3 Qa6 26. Rf2 Re2 27. Rd2 Rxd2 28. Rxd2 Qf1+ 29. Kh2 Qe1 30. Rf2 a6 31. Rf3 f6 32. a4 Kf7 33. a5 Qe4 34. b4 Qc2 35. Re3 Kg6 36. Kh3 Qf5+ 37. Kh2 Qf1 38. Rf3 h5 39. Rxf1 1-0

[Event "Titled Tuesday intern op 28th May Late"]
[Site "Chess.com INT"]
[Date "2024.05.28"]
[Round "3"]
[White "Jonkman, Harmen"]
[Black "Kashefi, Amir Hossein"]
[Result "0-1"]
[WhiteElo "2314"]
[BlackElo "2188"]
[PlyCount "74"]
[EventDate "2024.05.28"]
[EventType "swiss (blitz)"]
[EventRounds "11"]
[EventCountry "USA"]
[SourceTitle "EXT 2025"]
[Source "ChessBase"]
[SourceDate "2024.10.14"]
[SourceVersion "1"]
[SourceVersionDate "2024.10.14"]
[SourceQuality "1"]

1. e4 c6 2. Nf3 d5 3. Nc3 dxe4 4. Nxe4 Nd7 5. Bc4 Ngf6 6. Nxf6+ Nxf6 7. d4 Bf5 8. Ne5 e6 9. c3 Bd6 10. Qf3 Bg4 11. Qg3 Bxe5 12. Qxe5 0-0 13. 0-0 h6 14. Bf4 Nd5 15. Bg3 Qf6 16. Rfe1 Qxe5 17. Rxe5 Bf5 18. h3 Rad8 19. Rae1 Bg6 20. f3 Rd7 21. h4 Rfd8 22. h5 Bf5 23. Bh4 Rc8 24. g4 Bh7 25. Bf2 b5 26. Bb3 a5 27. a4 Rb8 28. axb5 Rxb5 29. Ba4 Rb6 30. c4 Nf4 31. Rxa5 Rd8 32. b3 Bc2 33. Rc1 Ne2+ 34. Kg2 Nxc1 35. d5 Rxb3 36. dxc6 Rb2 37. Bb5 Nd3 0-1